| 000 -LEADER |
| fixed length control field |
00303nam a2200133Ia 4500 |
| 008 - FIXED-LENGTH DATA ELEMENTS--GENERAL INFORMATION |
| fixed length control field |
190723s9999 xx 000 0 und d |
| 020 ## - INTERNATIONAL STANDARD BOOK NUMBER |
| International Standard Book Number |
978-0691-16516-5 |
| 100 ## - MAIN ENTRY--PERSONAL NAME |
| Personal name |
Richard L. Gregory |
| 245 #0 - TITLE STATEMENT |
| Title |
Eye and Brain |
| 250 ## - EDITION STATEMENT |
| Edition statement |
5th |
| 260 ## - PUBLICATION, DISTRIBUTION, ETC. (IMPRINT) |
| Place of publication, distribution, etc |
UK |
| Name of publisher, distributor, etc |
Princeton |
| Date of publication, distribution, etc |
1997 |
| 300 ## - PHYSICAL DESCRIPTION |
| Extent |
277:p |
| 942 ## - ADDED ENTRY ELEMENTS (KOHA) |
| Koha item type |
Books |